| 000 | 00370nam a2200157Ia 4500 | ||
|---|---|---|---|
| 008 | 230917s9999||||xx |||||||||||||| ||und|| | ||
| 040 |
_e80503 _aMAIN |
||
| 041 | _aEnglish | ||
| 082 | _a342 J199P | ||
| 100 | _aJain, M P | ||
| 245 | 0 | _aPrinciples of administrative law | |
| 250 | _a4th ed. | ||
| 260 |
_aAgra _bWadhwa _c198 |
||
| 300 | _alvii, 1072 p. | ||
| 942 | _cBK | ||
| 999 |
_c100353 _d100353 |
||